Portland, Seattle, or Vancouver - Statistics

General Stats
  • This quiz has been taken 53 times
  • The average score is 16 of 20
Answer Stats
Question Answer % Correct
... is home to Amazon. Seattle
98%
... is home to the Space Needle. Seattle
93%
... does NOT touch the sea. Portland
91%
... is nicknamed "The Emerald City." Seattle
89%
... has hosted the Olympics. Vancouver
89%
... is nicknamed "The City of Roses" or "The Rose City." Portland
87%
... is often called "Hollywood North." Vancouver
87%
... is home to a team in the National Football League. Seattle
85%
... is home to a Major League Baseball team. Seattle
80%
... is home to Stanley Park. Vancouver
80%
... is home to a team in the National Basketball Association. Portland
78%
... is named after another city with the same name. Portland
78%
... has the highest population of the three, both in terms of city proper and urban agglomeration. Seattle
78%
... has a suburb named Vancouver. Portland
76%
... is home to Powell's City of Books. Portland
76%
... is home to a Major League Soccer team. All Three
74%
... has the tallest building of the three. Seattle
72%
... is home to Lululemon. Vancouver
72%
... is the rainiest of the three. Vancouver
61%
... has the most populous suburb of the three. Vancouver
41%
No matching quizzes found
Score Distribution
Percent of People with Each Score
Percentile by Number Answered
Your Score History
You have not taken this quiz